000 00402nam a2200169Ia 4500
008 230524s9999 xx 000 0 und d
020 _a817722512X
082 _a658.38
_bGRI
100 _aRicky W.Griffin
245 0 _a"Management ,8th ed."
250 _a5TH
260 _aNEW DELHI
_bbiztantra
_c2006
300 _aX;1153
500 _aQuantity Number: 20
650 _aManagement
942 _cBK
999 _c40055
_d40055